The theory of monopolistic competition : (Record no. 45298)
[ view plain ]
| 000 -LEADER | |
|---|---|
| fixed length control field | 00882nam a2200277 a 4500 |
| 001 - CONTROL NUMBER | |
| control field | 45298 |
| 003 - CONTROL NUMBER IDENTIFIER | |
| rucl marc code | BD-RjUL |
| 005 - DATE AND TIME OF LATEST TRANSACTION | |
| control field | 20211209054007.0 |
| 008 - FIXED-LENGTH DATA ELEMENTS--GENERAL INFORMATION | |
| fixed length control field | 500101r19481933enka b 001 0 eng d |
| 035 ## - SYSTEM CONTROL NUMBER | |
| System control number | (BD-RjUL)45416 |
| 040 ## - CATALOGING SOURCE | |
| Original cataloging agency | GUA |
| Transcribing agency | GUA |
| Modifying agency | OCL |
| -- | EQO |
| -- | BD-RjUL |
| Language of cataloging | eng |
| 041 ## - LANGUAGE CODE | |
| Language code of text/sound track or separate title | eng |
| 082 ## - DEWEY DECIMAL CLASSIFICATION NUMBER | |
| Edition number | 23 |
| Classification number | 330.162 |
| Author mark and year | CHT 1948 |
| 100 1# - MAIN ENTRY--PERSONAL NAME | |
| Personal name | Chamberlin, Edward Hastings |
| 9 (RLIN) | 138749 |
| 245 14 - TITLE STATEMENT | |
| Title | The theory of monopolistic competition : |
| Remainder of title | a re-orientation of the theory of value / |
| Statement of responsibility, etc. | by Edward Hastings Chamberlin. |
| 250 ## - EDITION STATEMENT | |
| Edition statement | 6th ed. |
| 260 ## - PUBLICATION, DISTRIBUTION, ETC. (IMPRINT) | |
| Place of publication, distribution, etc. | London : |
| Name of publisher, distributor, etc. | Oxford University Press, |
| Date of publication, distribution, etc. | c1948. |
| 300 ## - PHYSICAL DESCRIPTION | |
| Pagination | xiv, 314 p. : |
| Illustrations | ill. ; |
| Size | 24cm. |
| 504 ## - BIBLIOGRAPHY, ETC. NOTE | |
| Bibliography, etc | Include bibliography and index. |
| 650 #0 - SUBJECT ADDED ENTRY--TOPICAL TERM | |
| Topical term or geographic name as entry element | Value. |
| 9 (RLIN) | 138750 |
| Topical term or geographic name as entry element | Competition. |
| 9 (RLIN) | 138751 |
| Topical term or geographic name as entry element | Monopolies. |
| 9 (RLIN) | 138752 |
| Topical term or geographic name as entry element | Prices. |
| 9 (RLIN) | 138753 |
| Topical term or geographic name as entry element | Economics, Mathematical. |
| 9 (RLIN) | 138754 |
| 942 ## - ADDED ENTRY ELEMENTS (KOHA) | |
| Source of classification or shelving scheme | Dewey Decimal Classification |
| Koha item type | Books |
| Lost status | Source of classification or shelving scheme | Damaged status | Not for loan | Collection code | Permanent Location | Current Location | Shelving location | Date acquired | Source of acquisition | Cost, normal purchase price | Total Checkouts | Full call number | Date last seen | Copy number | Koha item type |
|---|---|---|---|---|---|---|---|---|---|---|---|---|---|---|---|
| Dewey Decimal Classification | Not For Loan | Non-fiction | Central Library, University of Rajshahi | Central Library, University of Rajshahi | Reading Room | 12/02/1955 | O.U.P. | 14.10 | 330.162 CHT 1948 | 25/07/2016 | C-1 | Books | |||
| Dewey Decimal Classification | Non-fiction | Central Library, University of Rajshahi | Central Library, University of Rajshahi | 04/08/1955 | O.U.P. | 12.80 | 330.162 CHT 1948 | 27/07/2016 | C-2 | Books | |||||
| Dewey Decimal Classification | Non-fiction | Central Library, University of Rajshahi | Central Library, University of Rajshahi | 27/01/1955 | 330.162 CHT 1948 | 30/07/2016 | C-3 | Books | |||||||
| Dewey Decimal Classification | Non-fiction | Central Library, University of Rajshahi | Central Library, University of Rajshahi | 26/01/1955 | Novetty B. house | 5.00 | 330.162 CHT 1948 | 30/07/2016 | C-4 | Books |